Cantores e Cantoras do Brasil - Statistics

Estatísticas Gerais
  • Esse quiz foi jogado 989 vezes
  • A pontuação média é 22 de 50
Estatísticas das Respostas
Música Cantor/Cantora % Correto
Burguesinha Seu Jorge
81%
Gostava Tanto de Você Tim Maia
75%
Emoções Roberto Carlos
73%
Como Nossos Pais Elis Regina
72%
O Tempo Não Para Cazuza
69%
Asa Branca Luiz Gonzaga
69%
Anunciação Alceu Valença
66%
O Segundo Sol Cássia Eller
66%
Andar com Fé Gilberto Gil
65%
Alegria, Alegria Caetano Veloso
64%
Sorte Grande Ivete Sangalo
63%
Alma Gêmea Fábio Jr.
62%
Amor I Love You Marisa Monte
62%
Meu Ébano Alcione
58%
Shimbalaiê Maria Gadú
56%
Agora Só Falta Você Rita Lee
56%
Admirável Gado Novo Zé Ramalho
53%
Roda Viva Chico Buarque
52%
O Canto da Cidade Daniela Mercury
51%
Gita Raul Seixas
50%
Então É Natal Simone
48%
O Que É, O Que É? Gonzaguinha
47%
Assim Caminha a Humanidade Lulu Santos
47%
Ai Ai Ai Vanessa da Mata
47%
Pra Você Guardei o Amor Nando Reis
46%
Quem de Nós Dois Ana Carolina
45%
Taj Mahal Jorge Ben Jor
44%
Eu Sei Que Vou te Amar Tom Jobim
44%
Vapor Barato Gal Costa
43%
Rosa de Hiroshima Ney Matogrosso
40%
Coração de Estudante Milton Nascimento
39%
O Menino da Porteira Sérgio Reis
38%
Bate Coração Elba Ramalho
37%
Nem Um Dia Djavan
36%
Mais Uma Vez Renato Russo
36%
Verdade Zeca Pagodinho
36%
Devolva-Me Adriana Calcanhoto
35%
Vou Festejar Beth Carvalho
32%
Carta de Amor Maria Bethânia
31%
Catedral Zélia Duncan
29%
As Rosas Não Falam Cartola
28%
Telegrama Zeca Baleiro
28%
Segredos Frejat
27%
Chalana Almir Sater
24%
Chega de Saudade João Gilberto
20%
Romaria Renato Teixeira
19%
Desabafo Marcelo D2
12%
Simples Assim Lenine
9%
Lavar As Mãos Arnaldo Antunes
8%
Malemolência Ceu
7%
Nenhum quiz correspondente encontrado
Distribuição das Pontuações
Porcentagem de Pessoas com Cada Pontuação
Percentil de Números Respondidos
Sua Pontuação Histórica
Você não jogou esse quiz